[Event "Wch U10"]
[Site "Montesilvano"]
[Date "2024.11.17"]
[Round "3"]
[White "Larion, Iustin"]
[Black "Burba, Mikita"]
[Result "1/2-1/2"]
[WhiteElo "1925"]
[BlackElo "1528"]
[PlyCount "124"]
[EventDate "2024.11.15"]
[EventType "swiss"]
[EventRounds "11"]
[EventCountry "ITA"]
[SourceTitle "CB48_2024"]
[SourceDate "2024.11.28"]
[SourceVersion "1"]
[SourceVersionDate "2024.11.28"]
[SourceQuality "1"]

1. e4 c5 2. c3 d5 3. exd5 Qxd5 4. d4 Nf6 5. Nf3 Bg4 6. Be2 e6 7. Be3 cxd4 8. cxd4 Be7 9. Nc3 Qd8 10. Qb3 Qc8 11. Rc1 0-0 12. 0-0 Bd6 13. Nb5 Qd8 14. Nxd6 Qxd6 15. h3 Bh5 16. Qxb7 Nbd7 17. Qa6 Qb4 18. Ne5 Bxe2 19. Qxe2 Nb6 20. a3 Qe7 21. b4 Nbd5 22. Bg5 h6 23. Bh4 Qb7 24. Qf3 Qb6 25. Rc5 Kh7 26. Rfc1 Kg8 27. Bxf6 Nxf6 28. Qc6 Rfd8 29. g3 Nd5 30. Rb5 Qxd4 31. Nf3 Qe4 32. Nd2 Qd3 33. Nf1 Qxa3 34. Re1 Qf3 35. Rc5 Qf6 36. b5 Qd4 37. Rcc1 Nb4 38. Qc4 Nd3 39. Qxd4 Rxd4 40. Red1 Rd5 41. Rc7 Nf4 42. Rxd5 Nxd5 43. Rb7 a5 44. bxa6 Rxa6 45. h4 g6 46. Rb3 Kg7 47. Ne3 Ne7 48. Rb7 Nc6 49. Kg2 h5 50. Rc7 Ne5 51. Rc5 Nd3 52. Rc3 Ne5 53. Rc5 Nd7 54. Rb5 Kf6 55. Rb2 Rc6 56. Ra2 Ke5 57. Ra7 Kd6 58. Ra8 Rc7 59. Ra6+ Ke5 60. Ra5+ Nc5 61. Ra2 f6 62. Ra8 Rg7 1/2-1/2

[Event "EU-ch U10"]
[Site "Prague"]
[Date "2024.08.29"]
[Round "7"]
[White "Andre, Tomas"]
[Black "Larion, Iustin"]
[Result "1/2-1/2"]
[WhiteElo "2051"]
[BlackElo "1902"]
[PlyCount "106"]
[EventDate "2024.08.22"]
[EventType "swiss"]
[EventRounds "9"]
[EventCountry "CZE"]
[SourceTitle "CBM 221 Extra"]
[Source "ChessBase"]
[SourceDate "2024.09.30"]
[SourceVersion "1"]
[SourceVersionDate "2024.09.30"]
[SourceQuality "1"]

1. e4 c6 2. c4 d5 3. exd5 cxd5 4. cxd5 Nf6 5. Nc3 Nxd5 6. Nf3 e6 7. d4 Nxc3 8. bxc3 Qc7 9. Bd2 Bd6 10. Bd3 Nd7 11. 0-0 b6 12. c4 Bb7 13. Bc3 Bxf3 14. Qxf3 0-0 15. h3 Rac8 16. Rfe1 Qc6 17. Qg4 Nf6 18. Qh4 h6 19. d5 Nxd5 20. cxd5 Qxc3 21. Qe4 g6 22. dxe6 f5 23. Qe3 Be7 24. Qxh6 Qg7 25. Qxg7+ Kxg7 26. Rad1 Rfd8 27. g4 fxg4 28. hxg4 Rd4 29. Be4 Rxd1 30. Rxd1 Kf6 31. Rd7 Kxe6 32. Rxa7 Rc4 33. f3 g5 34. Bd5+ Kxd5 35. Rxe7 Kd6 36. Rg7 Rc5 37. Rg6+ Ke7 38. Rxb6 Rc1+ 39. Kf2 Rc2+ 40. Ke3 Rxa2 41. Ke4 Ra5 42. Rb4 Ke6 43. f4 gxf4 44. Rb6+ Kf7 45. Kxf4 Ra7 46. Kg5 Kg7 47. Kh5 Rc7 48. g5 Ra7 49. Rb5 Rc7 50. g6 Ra7 51. Kg5 Rc7 52. Ra5 Rb7 53. Kf5 Rc7 1/2-1/2

[Event "EU-ch U10"]
[Site "Prague"]
[Date "2024.08.28"]
[Round "6"]
[White "Larion, Iustin"]
[Black "Ivanovic, Leonid"]
[Result "1/2-1/2"]
[WhiteElo "1902"]
[BlackElo "2006"]
[PlyCount "146"]
[EventDate "2024.08.22"]
[EventType "swiss"]
[EventRounds "9"]
[EventCountry "CZE"]
[SourceTitle "CBM 221 Extra"]
[Source "ChessBase"]
[SourceDate "2024.09.30"]
[SourceVersion "1"]
[SourceVersionDate "2024.09.30"]
[SourceQuality "1"]

1. e4 c6 2. Nc3 d5 3. Nf3 dxe4 4. Nxe4 Nd7 5. Qe2 Ndf6 6. g3 Nxe4 7. Qxe4 Nf6 8. Qe2 Bg4 9. Bg2 e6 10. 0-0 Be7 11. h3 Bh5 12. c3 0-0 13. d4 Nd5 14. c4 Nc7 15. Be3 Bxf3 16. Qxf3 Bg5 17. Bxg5 Qxg5 18. h4 Qh6 19. Qb3 Rab8 20. Rfd1 Qf6 21. Rd2 Rfd8 22. Rad1 Ne8 23. Qa3 Nd6 24. b3 a6 25. Qa5 Nf5 26. d5 cxd5 27. cxd5 e5 28. d6 b6 29. Qxa6 Nd4 30. Qa7 Qxd6 31. f4 Rbc8 32. fxe5 Qxe5 33. Kh2 Rd6 34. Rf1 f5 35. Rdf2 Rg6 36. Rf4 Ne2 37. Qd7 Qc3 38. R4f3 Qc2 39. Qxf5 Qxf5 40. Rxf5 h6 41. Rf8+ Rxf8 42. Bd5+ Kh7 43. Rxf8 Rd6 44. Bg8+ Kg6 45. Bf7+ Kh7 46. h5 g6 47. hxg6+ Kg7 48. Rg8+ Kf6 49. Rh8 Rd2 50. Rxh6 Nd4+ 51. Kg1 Nf3+ 52. Kf1 Nh2+ 53. Rxh2 Rxh2 54. a4 Kg7 55. Ke1 Kf6 56. Kd1 Kg7 57. Kc1 Kf6 58. g4 Rg2 59. Kb1 Ke7 60. g5 Rxg5 61. Kb2 Rg3 62. Ka3 Rg4 63. b4 Rg3+ 64. Kb2 Kd6 65. Kc2 Ke5 66. Be8 Kd5 67. Kd2 Kc4 68. a5 bxa5 69. bxa5 Rg2+ 70. Ke3 Rg3+ 71. Kf4 Rxg6 72. Bxg6 Kb5 73. Bd3+ Kxa5 1/2-1/2

[Event "EU-ch U10"]
[Site "Prague"]
[Date "2024.08.22"]
[Round "1"]
[White "Krivka, Lukas"]
[Black "Larion, Iustin"]
[Result "0-1"]
[WhiteElo "1625"]
[BlackElo "1902"]
[PlyCount "78"]
[EventDate "2024.08.22"]
[EventType "swiss"]
[EventRounds "9"]
[EventCountry "CZE"]
[SourceTitle "CBM 221 Extra"]
[Source "ChessBase"]
[SourceDate "2024.09.30"]
[SourceVersion "1"]
[SourceVersionDate "2024.09.30"]
[SourceQuality "1"]

1. d4 Nf6 2. c4 e6 3. Nf3 d5 4. cxd5 exd5 5. Nc3 c5 6. Bg5 Be6 7. e3 c4 8. Be2 Nbd7 9. 0-0 Bb4 10. Qc2 0-0 11. a3 Bxc3 12. bxc3 Qa5 13. Nd2 Rfe8 14. Rfe1 h6 15. Bf4 Nf8 16. Bd6 Ng6 17. Bb4 Qc7 18. a4 Qd7 19. a5 Bf5 20. Qa4 Qc7 21. h3 Ne4 22. Nxe4 Bxe4 23. Qd1 Qd8 24. Bf3 Qg5 25. Bxe4 Rxe4 26. Bd6 Rae8 27. Qf3 R8e6 28. Qg3 Qd8 29. Bb4 Nh4 30. f3 Rxe3 31. Rxe3 Rxe3 32. Re1 Qg5 33. Rxe3 Qxg3 34. Re8+ Kh7 35. Re2 Nxf3+ 36. Kf1 Ng5 37. Rf2 Qd3+ 38. Kg1 Qe3 39. Kf1 Ne4 0-1